Law legislature and judiciary (Record no. 380572)

000 -LEADER
fixed length control field 00475cam a22001577a 4500
008 - FIXED-LENGTH DATA ELEMENTS--GENERAL INFORMATION
fixed length control field 180718b1996 xxu||||| |||| 00| 0 eng d
082 ## - DEWEY DECIMAL CLASSIFICATION NUMBER
Classification number G9x54 V59
100 ## - MAIN ENTRY--PERSONAL NAME
Personal name Varma, Umeshwar Prasad
245 ## - TITLE STATEMENT
Title Law legislature and judiciary
Statement of responsibility, etc. by Umeshwar Prasad Varma
260 ## - PUBLICATION, DISTRIBUTION, ETC.
Place of publication, distribution, etc. New Delhi
Name of publisher, distributor, etc. Mittal
Date of publication, distribution, etc. 1996
300 ## - PHYSICAL DESCRIPTION
Extent 171p.
650 ## - SUBJECT ADDED ENTRY--TOPICAL TERM
Topical term or geographic name entry element Law --Political aspects
650 ## - SUBJECT ADDED ENTRY--TOPICAL TERM
Topical term or geographic name entry element Judicial power --India
650 ## - SUBJECT ADDED ENTRY--TOPICAL TERM
Topical term or geographic name entry element Separation of powers --India
650 ## - SUBJECT ADDED ENTRY--TOPICAL TERM
Topical term or geographic name entry element Constitutional law --India
Holdings
Withdrawn status Lost status Damaged status Not for loan Permanent Location Current Location Date acquired Full call number Barcode Date last seen Price effective from Koha item type
        Indian Institute of Public Administration Indian Institute of Public Administration 1996-12-12 G9x54 V59 71611 2018-07-21 2018-07-21 Book

Powered by Koha